| 000 | 00692cam a2200205 i 4500 | ||
|---|---|---|---|
| 999 |
_c56818 _d56818 |
||
| 001 | 17608094 | ||
| 005 | 20221114110825.0 | ||
| 008 | 130130s2013 flu b 001 0 eng | ||
| 020 | _a9781439884461x | ||
| 041 | _aeng | ||
| 082 | 0 | 0 |
_a530.11 _223 |
| 100 | 1 |
_aLawrie, Ian D. _9669 |
|
| 245 | 1 | 2 |
_aA unified grand tour of theoretical physics / _cIan D. Lawrie, formerly professor of theoretical physics, University of Leeds. |
| 250 | _aThird edition. | ||
| 264 | 1 |
_aBoca Raton : _bCRC Press, Taylor & Francis Group, _c[2013] |
|
| 300 |
_a693 pages ; _c24 cm. |
||
| 504 | _aIncludes bibliographical references (pages 677-684) and index. | ||
| 653 | _aფიზიკა | ||
| 942 |
_2udc _cBK |
||